1654 1319 1969 1063 1815 1202 1759 1640 1579 1504 1003 1460 1476 1572 1619 1430 1415 1523 1711 1554 1662 1859 1125 1211 1101 1786 1411 1302 1003 1848 1188 1896 1025 1988 1004 1262 1298 1086 1619 1128 1013 1825 1159 1312 2000 1785 1437 1792 1099 1199 1321 1770 1582 1042 1154 1921 1084 1594 1872 1406 1066 1059 1872 1967 1631 1074 1627 1571 1701 1410 1785 1023 1076 1112 1524 1820 1708 1095 1732 1550 1227 1315 1468 1063 1501 1023 1806 1153 1665 1831 1783 1781 1530 1070 1938 1625 1245 1018 1827 BCNSPRNW ULIB Ver.6.0+V

เปลี่ยนเป็นภาษาไทย

Change to English
 แสดงรายละเอียดบรรณานุกรม
  กลับหน้าหลัก

Brief Record : Get Marc (ISO 2709) : E-mail record : QR code < ปิดหน้าต่าง
LEADER : 00000nam 2200000uu 4500
001    13399120692
003     ULIB
008    121004s2549||||th 000 0 tha d
020    ^a9744894466
020    ^a9789744894465
050  4 ^aBF441^bก768ก
100 0  ^aเกรียงศักดิ์ เจริญวงศ์ศักดิ์
245 10 ^aการคิดเชิงบูรณาการ =^bIntegrative thinking /^cเกรียงศักดิ์ เจริญวงศ์ศักดิ์
246 31 ^aIntegrative thinking
250    ^aพิมพ์ครั้งที่ 6
260    ^aกรุงเทพฯ :^bซัคเซส มีเดีย,^c2549
300    ^axxi, 179 หน้า :^bภาพประกอบ ;^c23 ซม
440  0 ^aหนังสือชุด "ผู้ชนะ 10 คิด"
650  7 ^aความคิดและการคิด
650  7 ^aการแก้ปัญหา
650  7 ^aความคิด
945    ^p150^l0^i14237
995    ^aวิภา
999 ^a ใช้งานได้ทุกระบบ
รายการนี้ยังไม่มีแท็ก
คุณยังไม่ได้ล็อกอิน คุณสามารถมีกิจกรรมร่วมกับเว็บไซต์ได้ แต่ต้องล็อกอินก่อน ::
  ล็อกอิน

รายการสื่อสารสนเทศ

ลำดับที่ ประเภท เลขเรียก/บาร์โค้ด สถานที่ สถานะ
1. วิทยาศาสตร์การแพทย์ และสุขภาพ
วิทยาศาสตร์การแพทย์ และสุขภาพ
BF441 ก768ก  
  Barcode: 14237
ห้องสมุดวิทยาเขตสวรรค์ประชารักษ์
►หนังสือทั่วไป
บนชั้น

รายการใกล้เคียง
    ผู้แต่ง [เกรียงศักดิ์ เจริญวงศ์ศักดิ์]

    หัวเรื่อง [ความคิดและการคิด]
    หัวเรื่อง [การแก้ปัญหา]
    หัวเรื่อง [ความคิด]

BibComment


ยังไม่เคยถูกคอมเมนท์

คอมเมนท์ทรัพยากรรายการนี้
  คอมเมนท์: การคิดเชิงบูรณาก..


 Copyright 2026. Bcnsprnw @Library